| 000 | 00712cam a22002174a 4500 | ||
|---|---|---|---|
| 020 | _a0821360655 | ||
| 020 | _a0821360663 (eISBN) | ||
| 040 | _cDLC | ||
| 082 | 0 | 0 | _a332 WOR 2004 A064 Or. |
| 245 | 0 | 0 |
_aAddressing the challenges of globalization : _ban independent evaluation of the World Bank's approach to global programs. |
| 250 | _a1st ed. | ||
| 260 |
_aWashington, D.C. : _bWorld Bank, _c2004. |
||
| 300 |
_alx, 265 p. : _bill. ; _c28 cm. |
||
| 500 | _aAt head of title: World Bank Operations Evaluation Department. | ||
| 650 | 0 | _aEconomic development projects | |
| 650 | 0 | _aEconomic assistance | |
| 650 | 0 | _aTechnical assistance | |
| 650 | 0 | _aGlobalization. | |
| 710 | 2 | _aWorld Bank. | |
| 942 | _cEK | ||
| 999 |
_c13865 _d13865 |
||